Basic Mathematics for Electronics (Record no. 7819)

MARC details
000 -LEADER
fixed length control field 00803cam a2200265 4500
001 - CONTROL NUMBER
control field 768235
003 - CONTROL NUMBER IDENTIFIER
control field OSt
005 - DATE AND TIME OF LATEST TRANSACTION
control field 20240611091616.0
008 - FIXED-LENGTH DATA ELEMENTS--GENERAL INFORMATION
fixed length control field 700701s1970 nyua 001 0 eng
010 ## - LIBRARY OF CONGRESS CONTROL NUMBER
LC control number 71098485
020 ## - INTERNATIONAL STANDARD BOOK NUMBER
International Standard Book Number 070125104
040 ## - CATALOGING SOURCE
Original cataloging agency DLC
Transcribing agency DDC
Modifying agency DLC
050 00 - LIBRARY OF CONGRESS CALL NUMBER
Classification number TK153
Item number .C63 1970
082 00 - DEWEY DECIMAL CLASSIFICATION NUMBER
Classification number 510 COO 1970
100 1# - MAIN ENTRY--PERSONAL NAME
Personal name Cooke, Nelson Magor; Adams, Herbert F. R.,
9 (RLIN) 15910
245 10 - TITLE STATEMENT
Title Basic Mathematics for Electronics
250 ## - EDITION STATEMENT
Edition statement 3d ed.
260 ## - PUBLICATION, DISTRIBUTION, ETC. (IMPRINT)
Place of publication, distribution, etc. New York;
Name of publisher, distributor, etc. McGraw-Hill,
Date of publication, distribution, etc. [1970]
300 ## - PHYSICAL DESCRIPTION
Extent x, 677 p.
Other physical details illus.
Dimensions 25 cm.
500 ## - GENERAL NOTE
General note First ed. published in 1942 under title: Mathematics for electricians and radiomen.
650 #0 - SUBJECT ADDED ENTRY--TOPICAL TERM
Topical term or geographic name as entry element Mathematics.
9 (RLIN) 15911
650 #0 - SUBJECT ADDED ENTRY--TOPICAL TERM
Topical term or geographic name as entry element Electronics
9 (RLIN) 15912
906 ## - LOCAL DATA ELEMENT F, LDF (RLIN)
a 7
b cbc
c orignew
d u
e ncip
f 19
g y-gencatlg
942 ## - ADDED ENTRY ELEMENTS (KOHA)
Source of classification or shelving scheme Dewey Decimal Classification
Koha item type Open Shelf
Holdings
Withdrawn status Lost status Source of classification or shelving scheme Damaged status Not for loan Home library Current library Date acquired Source of acquisition Inventory number Total Checkouts Full call number Barcode Date last seen Koha item type Price effective from
    Dewey Decimal Classification     MUST Main Library MUST Main Library 17/03/2022   00/13949   510 COO 1970 2022-0455 17/03/2022 Open Shelf  
    Dewey Decimal Classification     MUST Main Library MUST Main Library 11/06/2024 Donation 2000/14001   510 COO 1970 2024-20232 11/06/2024 Open Shelf 11/06/2024
    Dewey Decimal Classification     MUST Main Library MUST Main Library 11/06/2024 Purchase 2000/13780   510 COO 1970 2024-20250 11/06/2024 Open Shelf 11/06/2024
    Other/Generic Classification Scheme     MUST Main Library MUST Main Library   Purchase 2000/13781   510 COO 1970 2024-20618 17/06/2024 Open Shelf  
    Dewey Decimal Classification     MUST Main Library MUST Main Library 19/06/2024 Purchase 2000/13998   510 COO 1970 2024-20878 19/06/2024 Open Shelf 19/06/2024